Журнал Русского физико-химического общества при Императорском С.-Петербургском Университете; Т. 20 : Часть физическая. Вып. 1-9

Dades bibliogràfiques
Autor corporatiu: Русское физико-химическое общество
Altres autors: Боргман И. И. Иван Иванович (редактор)
Sumari:Текст в русской дореформенной орфографии
Idioma:rus
Publicat: Санкт-Петербург, Типография В. Демакова, 1888
Matèries:
Format: MixedMaterials Llibre
KOHA link:https://koha.lib.tpu.ru/cgi-bin/koha/opac-detail.pl?biblionumber=349860

MARC

LEADER 00000nam0a2200000 4500
001 349860
005 20231102010238.0
035 |a (RuTPU)RU\TPU\retro\2902 
090 |a 349860 
100 |a 20180913d1888 k y0rusy50 ca 
101 0 |a rus 
102 |a RU 
105 |a a z 001zy 
200 1 |a Журнал Русского физико-химического общества при Императорском С.-Петербургском Университете  |h Т. 20 : Часть физическая. Вып. 1-9  |f Русское физико-химическое общество ; под ред. И. И. Боргмана 
210 |a Санкт-Петербург  |c Типография В. Демакова  |d 1888 
215 |a 1284 с.  |c ил. 
300 |a Текст в русской дореформенной орфографии 
320 |a Систематический указатель русских журнальных статей, книг и брошюр на русском, немецком и французском языках по химии и химической технологии за 1887 г.: 261-279 
320 |a Алф. указ.: с. 280-292 
606 1 |a Физическая химия  |2 stltpush  |3 (RuTPU)RU\TPU\subj\67669  |9 83390 
606 1 |a Физика  |2 stltpush  |3 (RuTPU)RU\TPU\subj\63709  |9 80688 
610 1 |a научные статьи 
610 1 |a отчеты 
675 |a 544  |v 4 
675 |a 53  |v 4 
702 1 |a Боргман  |b И. И.  |c российский физик  |f 1849-1914  |g Иван Иванович  |2 stltpush  |3 (RuTPU)RU\TPU\pers\12201  |4 340  |9 3227 
712 0 2 |a Русское физико-химическое общество  |c (Санкт-Петербург/Ленинград)  |c (1878-1930)  |2 stltpush  |3 (RuTPU)RU\TPU\col\23598  |9 28378 
801 1 |a RU  |b 63413507  |c 20180913 
801 2 |a RU  |b 63413507  |c 20181130  |g RCR 
942 |c BK